| 000 | 00958nam a22002297a 4500 | ||
|---|---|---|---|
| 999 |
_c11996 _d11996 |
||
| 003 | AR-CdUCM | ||
| 008 | 190405b ||||| |||| 00| 0 spa d | ||
| 040 |
_aMUNICIPALIDAD PROVINCIAL DEL CUSCO _cBIBLIOTECA MUNICIPAL DEL CUSCO |
||
| 082 |
_a708.85 / _bSA21 / 1947 |
||
| 110 |
_aInstituto de investigaciones de arte Peruano y Americano _929620 |
||
| 245 | _aSan Francisco y la Dolorosa de Cajamarca / | ||
| 260 |
_aLima : _bPublicaciones del instituto de investigaciones e arte Peruano y americano, _c1947. |
||
| 300 |
_a63 paginas ; _bIlustraciones, _c21 cm. |
||
| 440 |
_aDocumentos del arte Peruano _nII _929642 |
||
| 505 | _aContenido : Los franciscanos en Cajamarca -- La iglesia actual de San Francisco -- La capilla de La Dolorosa desde el punto de vista artÃstico. | ||
| 650 |
_aCajamarca _97054 |
||
| 650 |
_aFranciscanos _9899 |
||
| 650 |
_aLa Dolorosa _929643 |
||
| 650 |
_aCapilla _929644 |
||
| 942 |
_2ddc _cLIBROS |
||
| 945 |
_awnts _d2019-04-05 |
||